=LDR 00000nam 2200000 4500 =001 INLIS000000000007305 =005 20200615085140 =035 ##$$a 0010-061300000007305 =008 200615################g##########0#ind## =041 ##$$a Ind =082 ##$$a 2x2.7 =090 ##$$a 2x2.7, Bos d =100 1#$$a Boswonth, GE =245 1#$$a Dinasti-dinasti Islam, /$c G.E. Bosworth =260 ##$$a Bandung :$b Mizan,$c 1993 =300 ##$$a 264 hlm., ; $c 14 x 21 cm =650 #4$$a Islam-Sejarah =084 ##$$a 2x2.7 BOS d =250 ##$$a cet.1 =990 ##$$a 51.525/Pb-93 =990 ##$$a 00087159